000 00679nas a2200229 4500
001 BR9202996
003 BR-BrBNA
005 20231205092602.0
007 ta
008 230509b bl.|||p| |||| 00| 00por d
040 _aBR-BrBNA
_bpor
_cBiblioteca Nacional de Agricultura
041 _a(Pt)
072 _aE11
100 1 _aSouza, J.B.M. de
245 1 _aAs terras devolutas e o patrimonio publico
650 _aPOLITICA AGRARIA
650 _aTERRA DEVOLUTA
650 _aPOSSE DE TERRA
773 0 _tRevista de Direito Agrario (Brazil)
_xISSN 0100-1582
_g(Jul-Dec 1986), v. 11(11) p. 13-19
_wBR9202996
909 _a202311
_bLúcia
_c55
_dLúcia Elande
942 _2AGRIS
_n0
_cANA
999 _c132676
_d132676